000 00346nam a22001337a 4500
020 _qPB.
040 _cFizza Ishaq
082 _a382.0917
_bSAR
100 _aBose, Sarmila.
_951292
245 _aDEAD RECKONING /
_cSarmila Bose.
260 _aLahore :
_bArmy Publishing House,
_c2013
300 _a282 p, ;
_c8 x 5.4 x .5 inches
942 _2ddc
_cBK
999 _c617205
_d617205